| 000 | 00434nam a2200133Ia 4500 | ||
|---|---|---|---|
| 008 | 170516s9999 xx 000 0 und d | ||
| 245 | _aGenetically Encoded Immunophotosensitizer 4D5scFv-miniSOG is a Highly Selective Agent for Targeted Photokilling of Tumor Cells in Vitro | ||
| 260 | _bTheranostics | ||
| 260 | _c2013 | ||
| 300 | _a3:11 | ||
| 650 | _xMedical Technology | ||
| 650 | _xMedtech | ||
| 856 | _uhttp://www.thno.org/v3i11 | ||
| 999 |
_c330286 _d330286 |
||